[Event "XX TCh-MKD"]
[Site "Struga MKD"]
[Date "2011.08.13"]
[Round "6"]
[White "Vladimirov,V MKD"]
[Black "Nikoloski,K"]
[Result "1-0"]
[WhiteElo "2162"]
[BlackElo "2130"]

1.g3 e5 2.c4 d6 3.Bg2 c5 4.Nc3 Nc6 5.Nf3 Be6 6.d3 h6 7.O-O Qd7 8.a3 Bh3 9.Bxh3 Qxh3
10.Nd5 Qd7 11.b4 g6 12.Rb1 b6 13.Qa4 Rc8 14.Bb2 Bg7 15.Kg2 Nge7 16.Nxe7 Qxe7
17.Nd2 O-O 18.Ne4 f5 19.Nc3 Rf7 20.Nd5 Qb7 21.e4 cxb4 22.axb4 fxe4 23.dxe4 Ne7
24.Rbc1 b5 25.Qxb5 Nxd5 26.Qxd5 Qxb4 27.Bc3 Qb7 28.Rfd1 Rc5 29.Qxb7 Rxb7
30.Rxd6 Rxc4 31.Bd2 Rd4 32.Rcc6 Rb6 33.Rxb6 axb6 34.Rxd4 exd4 35.Kf3 h5 36.Ke2 Kf7
37.Kd3 Ke6 38.f4 Kd6 39.Bb4+ Ke6 40.Ba3 Bh8 41.Bb2 Bf6 42.Bxd4 Bd8 43.Kc4 Be7
44.Bxb6 Ba3 45.Kd3 Bc1 46.Be3 Ba3 47.Ke2 Bb4 48.Bd4 Bd6 49.Kf3 Bc7 50.h3 Bd6
51.g4 hxg4+ 52.hxg4 Bb4 53.f5+ gxf5 54.gxf5+ Kf7 55.e5 Ba3 56.Ke4 Bb4 57.Kd5 Ba3
58.e6+  1-0

[Event "e2e4 Int Masters C"]
[Site "Sunningdale ENG"]
[Date "2011.08.13"]
[Round "6"]
[White "Norinkeviciute,R"]
[Black "Carstensen,J"]
[Result "0-1"]
[WhiteElo "1996"]
[BlackElo "2391"]

1.c4 e5 2.g3 Nf6 3.Bg2 Bc5 4.Nc3 O-O 5.e3 Nc6 6.a3 a5 7.Nge2 Re8 8.d3 d6
9.O-O h6 10.Rb1 Bf5 11.Nd5 Nxd5 12.cxd5 Ne7 13.Nc3 Qd7 14.e4 Bg4 15.Qc2 c6
16.b4 axb4 17.axb4 Bd4 18.dxc6 Qxc6 19.Bb2 Rec8 20.Rfc1 Qb6 21.b5 Bd7 22.Qd2 Rc5
23.Bf1 Qa5 24.Kg2 Qc7 25.Be2 b6 26.Bd1 Qb7 27.f4 Nf5 28.Nd5 Be6 29.Bxd4 Nxd4
30.Rxc5 dxc5 31.Nc3 f6 32.Qb2 Qd7 33.Kg1 Bf7 34.Kg2 exf4 35.gxf4 Ne6 36.Nd5 Nxf4+
37.Nxf4 Ra2 38.Qxa2 Bxa2 39.Bb3+ Bxb3 40.Rxb3 Qg4+  0-1

[Event "CECLUB Div2 Gp2"]
[Site "Totana ESP"]
[Date "2011.08.13"]
[Round "5"]
[White "Bote,V"]
[Black "Carbonell Bofill,C"]
[Result "0-1"]
[WhiteElo "2183"]
[BlackElo "2210"]

1.c4 e5 2.g3 f5 3.Nc3 Nf6 4.Nf3 Nc6 5.d4 e4 6.d5 Na5 7.Nd4 g6 8.b3 c5 9.Nc2 Bg7
10.Bb2 O-O 11.Bg2 d6 12.O-O a6 13.Rb1 Bd7 14.Ba1 h5 15.f3 exf3 16.exf3 h4
17.Qd2 hxg3 18.hxg3 b5 19.cxb5 axb5 20.Qd3 Qb6 21.Rf2 Rfe8 22.b4 Nc4 23.bxc5 Qxc5
24.Bf1 Nh5 25.f4 Ne3 26.Be2 Nxg3 27.Bf3 Rac8 28.Rb3 Nxc2 29.Qxc2 Re1+ 30.Kg2 Rxa1
31.Kxg3 Bxc3 32.Qd3 Be1 33.Rb2 Qc3  0-1

[Event "CECLUB Div2 Gp2"]
[Site "Totana ESP"]
[Date "2011.08.13"]
[Round "5"]
[White "Moreno Ruiz,J"]
[Black "Milchev,N"]
[Result "0-1"]
[WhiteElo "2545"]
[BlackElo "2389"]

1.c4 e5 2.g3 Nc6 3.Bg2 Bc5 4.Nc3 a6 5.e3 d6 6.Nge2 Ba7 7.b3 Bf5 8.d3 h6 9.Bb2 Nf6
10.Qd2 O-O 11.O-O Qd7 12.Nd5 Ne8 13.d4 f6 14.Rfd1 Bh3 15.Bh1 Qf7 16.Rac1 Bg4
17.Re1 Nd8 18.Bg2 c6 19.Ndc3 Qh5 20.f4 Rc8 21.Nd1 Ne6 22.d5 cxd5 23.Bxd5 Nc7
24.Bxb7 Rce8 25.Nf2 Bf3 26.Nc3 exf4 27.Bxf3 Qxf3 28.exf4 Nc5 29.Rxe8 Rxe8
30.Qd1 Re1+ 31.Qxe1 Nd3 32.Qe4 Qxf2+  0-1

[Event "27th Geraadsbergen Open"]
[Site "Geraadsbergen BEL"]
[Date "2011.08.14"]
[Round "8.5"]
[White "Verhaeren,G"]
[Black "Schalkx,J"]
[Result "1-0"]
[WhiteElo "2014"]
[BlackElo "2189"]

1.c4 e5 2.g3 Nc6 3.Nc3 d6 4.Bg2 Be6 5.Nd5 g6 6.e4 Nd4 7.d3 c6 8.Nc3 Qd7 9.Be3 Bg7
10.Nce2 Ne7 11.Qd2 h5 12.h4 d5 13.b3 dxe4 14.dxe4 O-O-O 15.O-O-O f5 16.Nf3 c5
17.Ng5 Nec6 18.Nc3 Bg8 19.Nd5 Kb8 20.f4 exf4 21.Bxf4+ Ne5 22.exf5 gxf5 23.Rhe1 Re8
24.Nf3 Bxd5 25.Nxe5 Bxe5 26.Rxe5 Ka8 27.Rxd5 Qg7 28.Rxd4 cxd4 29.Qxd4 Qe7
30.Qd2 Qe2 31.Bxb7+  1-0

[Event "27th Geraadsbergen Open"]
[Site "Geraadsbergen BEL"]
[Date "2011.08.15"]
[Round "9.1"]
[White "Tonoli,W"]
[Black "Ponnet,H"]
[Result "1/2-1/2"]
[WhiteElo "2191"]
[BlackElo "2159"]

1.c4 e5 2.g3 d6 3.Bg2 Nc6 4.Nc3 Be6 5.d3 Qd7 6.Rb1 g6 7.b4 Bg7 8.b5 Nd8 9.Nf3 Bh3
10.O-O Ne7 11.Nd5 Bxg2 12.Kxg2 O-O 13.a4 Ne6 14.Ng5 Nf5 15.Nxe6 fxe6 16.Nc3 Rf7
17.e3 Raf8 18.Qg4 Ne7 19.Ne4 Rf5 20.Ba3 b6 21.Rbc1 h6 22.Kg1 Kh7 23.Bb2 Ng8
24.Qe2 Qe7 25.Rcd1  1/2-1/2

[Event "Stare Mesto FIDE Open"]
[Site "Stare Mesto CZE"]
[Date "2011.08.17"]
[Round "7"]
[White "Palka,Mi"]
[Black "Valenta,V jr"]
[Result "0-1"]
[WhiteElo "1953"]
[BlackElo "2146"]

1.c4 e5 2.g3 Nc6 3.Bg2 g6 4.Nc3 Bg7 5.e4 Nge7 6.Nge2 O-O 7.O-O f5 8.d3 d6
9.f4 fxe4 10.dxe4 Nd4 11.Be3 Nec6 12.Qd2 Bg4 13.h3 Be6 14.b3 Nxe2+ 15.Nxe2 exf4
16.Nxf4 Bxa1 17.Rxa1 Bf7 18.Ne2 Ne5 19.Bg5 Qd7 20.Bh6 Rfe8 21.Rf1 Be6 22.Kh2 Re7
23.Rd1 Rf7 24.Bf4 Raf8 25.Qc3 Qe7 26.Bxe5 dxe5 27.Qxe5 Bc8 28.Qxe7 Rxe7 29.Nf4 c6
30.Rd2 Rd7 31.Re2 Re8 32.h4 Re5 33.a4 Rd4 34.Rc2 Bg4 35.b4 a5 36.bxa5 Rxa5
37.Rb2 Bc8 38.Rb4 c5 39.Rb2 Rxc4 40.Nd5 Kf8 41.Nb6 Be6 42.Nxc4 Bxc4 43.Rxb7 Rxa4
44.Rb2 Ra2 45.Rxa2 Bxa2 46.Kg1 Ke7 47.Kf2 Ke6 48.Ke3 Ke5 49.Bf3 Bc4 50.Bd1 Ba2
51.Bc2 c4 52.Kd2 Kd4 53.h5 c3+ 54.Ke2 Bc4+ 55.Kf3 Bd3 56.Bb3 c2 57.Bxc2 Bxc2
58.Kf4 Bxe4 59.Kg5 gxh5 60.Kxh5 Ke3  0-1

[Event "26th Universiade Women"]
[Site "Shenzhen CHN"]
[Date "2011.08.18"]
[Round "6"]
[White "Vasilevich,I"]
[Black "Tuvshintugs,B"]
[Result "1/2-1/2"]
[WhiteElo "2367"]
[BlackElo "2313"]

1.c4 e5 2.g3 Nf6 3.Bg2 d5 4.cxd5 Nxd5 5.Nc3 Nb6 6.Nf3 Nc6 7.O-O Be7 8.d3 O-O
9.a3 Be6 10.b4 Nd4 11.Rb1 f6 12.Ne4 Bd5 13.Ned2 Qd7 14.Bb2 Nxf3+ 15.Nxf3 a5
16.e4 Be6 17.d4 axb4 18.axb4 Bc4 19.dxe5 Bxf1 20.Qxf1 fxe5 21.Nxe5 Qe6 22.Bh3 Qa2
23.Bd4 Rfd8 24.Ra1 Qb3 25.Rb1 Qa2 26.Ra1 Qd2 27.Rxa8 Qxd4 28.Rxd8+ Bxd8 29.Qd3 Qxe5
30.Qxd8+ Kf7 31.Bf1 Qd6 32.Qh4 h6 33.Qh5+ Ke7 34.e5 Qxb4 35.Qg6 Kf8 36.Qf5+ Ke8
37.Bd3 Qe7 38.Qe4 c6 39.Qd4 Nd5 40.Be4 Qb4 41.Bg6+ Kd8 42.Qa1 Kc7 43.e6 Qe7
44.Qe5+ Kc8 45.Bf5 Nc7 46.Kg2 b5 47.f4 Kb7 48.Bg4 b4 49.Qd4 Nd5 50.f5 Qf6
51.Qxf6 gxf6 52.Bd1 Ne3+ 53.Kf3 Nxf5 54.Ke4 Ne7 55.Kd4 Kb6 56.Kc4 c5 57.Bf3 Nc8
58.Kd5 b3 59.Be4 b2 60.Bd3 Kc7 61.Kxc5 Kd8 62.Kb4 Ke7 63.Kc3 Kxe6 64.Kxb2 Ke5
65.Kc3 Ne7 66.Bb1 f5 67.Kd3 Nd5 68.Kd2 f4 69.gxf4+ Kxf4 70.Ke1 Ne3 71.Kf2 h5
72.h4 Nd5  1/2-1/2

[Event "26th Universiade Men"]
[Site "Shenzhen CHN"]
[Date "2011.08.18"]
[Round "6"]
[White "Swinkels,R"]
[Black "Rakhmanov,Ale"]
[Result "0-1"]
[WhiteElo "2483"]
[BlackElo "2585"]

1.c4 e5 2.g3 h5 3.Bg2 h4 4.Nc3 Nc6 5.Qa4 Nf6 6.d3 Bc5 7.a3 a5 8.Nh3 d6 9.Bxc6+ bxc6
10.Qxc6+ Bd7 11.Qg2 Rb8 12.Ng5 Bd4 13.Nd1 h3 14.Qf3 Rb6 15.Ne4 Nxe4 16.dxe4 Be6
17.Qd3 Qa8 18.Ne3 Qb7 19.Rb1 Rb3 20.Qc2 O-O 21.Nd5 Rb8 22.O-O c6 23.Nb4 axb4
24.Qxb3 c5 25.Qf3 bxa3 26.e3 Bxb2 27.Bxb2 a2 28.Ra1 Qxb2 29.Rfc1 Qb1 30.Qd1 Qxe4
31.Qf1 Rb2 32.Rd1 Bg4 33.Rdc1 g6 34.Rc3 Qf3 35.Rcc1 Bf5  0-1

[Event "26th Universiade Men"]
[Site "Shenzhen CHN"]
[Date "2011.08.19"]
[Round "7"]
[White "Kawuma,Patrick"]
[Black "Papa,S"]
[Result "0-1"]
[WhiteElo "2167"]
[BlackElo "2414"]

1.c4 e5 2.g3 Nc6 3.Bg2 Bc5 4.Nc3 a6 5.e3 d6 6.Nge2 Ba7 7.b3 Nge7 8.Bb2 O-O
9.O-O Bf5 10.d4 exd4 11.Nxd4 Nxd4 12.exd4 Nc6 13.Nd5 Qd7 14.Qd2 Rae8 15.Rae1 h6
16.Bc3 Nd8 17.Qf4 Bd3 18.Rxe8 Rxe8 19.Rd1 Bc2 20.Re1 Rxe1+ 21.Bxe1 Ne6 22.Qg4 Bxd4
23.Ne3 Bg6 24.Bxb7 c6 25.Bxa6 h5 26.Qh3 Qa7 27.Bc8 Ng5 28.Qf1 Nf3+ 29.Kg2 Bd3  0-1

[Event "26th Universiade Men"]
[Site "Shenzhen CHN"]
[Date "2011.08.19"]
[Round "7"]
[White "Papin,V"]
[Black "Andriasian,Z"]
[Result "0-1"]
[WhiteElo "2565"]
[BlackElo "2616"]

1.c4 e5 2.g3 Nc6 3.Bg2 Nf6 4.Nc3 Bb4 5.Nd5 Bc5 6.e3 Nxd5 7.cxd5 Ne7 8.b4 Bd6
9.Bb2 c6 10.dxc6 dxc6 11.a3 a5 12.bxa5 Qxa5 13.Ne2 Qb5 14.Qc2 Bf5 15.e4 Be6
16.d4 Bc4 17.dxe5 Bxe5 18.Bxe5 Qxe5 19.O-O b5 20.Rfd1 O-O 21.Nf4 Rfd8 22.h4 Ng6
23.Rxd8+ Rxd8 24.Rd1 Ra8 25.Nd3 Qe7 26.Nb2 Ne5 27.a4 Be6 28.Bf1 bxa4 29.Nxa4 Bg4
30.Rb1 h5 31.Bg2 Rd8 32.Nb2 Nf3+ 33.Bxf3 Bxf3 34.Qxc6 Qb4 35.Qc4 Rb8 36.Qxb4 Rxb4
37.Kh2 g6 38.e5 Bg4  0-1

[Event "26th Universiade Men"]
[Site "Shenzhen CHN"]
[Date "2011.08.19"]
[Round "8"]
[White "Papa,S"]
[Black "Brandenburg,D"]
[Result "1/2-1/2"]
[WhiteElo "2414"]
[BlackElo "2538"]

1.c4 e5 2.g3 Nf6 3.Bg2 d5 4.cxd5 Nxd5 5.Nc3 Nb6 6.Nf3 Nc6 7.O-O Be7 8.a3 O-O
9.b4 Be6 10.Rb1 f6 11.d3 a5 12.b5 Nd4 13.Nd2 Bd5 14.Nxd5 Nxd5 15.Bxd5+ Qxd5
16.a4 Rfd8 17.Bb2 Ne6 18.Qb3 Bb4 19.Qxd5 Rxd5 20.Nb3 Kf7 21.Rfc1 Ke7 22.Rc4 Rc8
23.Rbc1 Kd7 24.Bc3 Bxc3 25.R1xc3 b6 26.f4 Nd4 27.Nxd4 exd4 28.Rc2 Rd6 29.Rc6 Rxc6
30.Rxc6 Re8 31.Kf2 Re6 32.Rc4 Rd6 33.g4 g6 34.Kf3 f5 35.g5 c5 36.bxc6+ Kc7
37.e4 dxe3 38.Kxe3 Rd5 39.d4 b5 40.axb5 Rxb5 41.Kd3 Rb3+ 42.Kc2 Rb5 43.Kc3 Rd5
44.Ra4 Kxc6 45.Kc4 Rb5 46.Ra2 Rb4+ 47.Kc3 Kb5 48.Re2 Ra4 49.Re5+ Kc6 50.h4 Ra3+
51.Kc4 Ra4+ 52.Kc3 Ra3+  1/2-1/2

[Event "Stare Mesto FIDE Open"]
[Site "Stare Mesto CZE"]
[Date "2011.08.19"]
[Round "9"]
[White "Stehlik,Jiri1"]
[Black "Borufka,Roman"]
[Result "1-0"]
[WhiteElo "2015"]
[BlackElo "1868"]

1.c4 e5 2.g3 f5 3.Qc2 d5 4.cxd5 Qxd5 5.Nf3 Bd6 6.Nc3 Qa5 7.d3 c6 8.Bd2 Be6
9.Ng5 Bc8 10.Nce4 Qc7 11.Nxd6+ Qxd6 12.Bg2 h6 13.Nf3 Nf6 14.Bc3 Nbd7 15.d4 e4
16.Ne5 O-O 17.O-O Nd5 18.f3 N7b6 19.Qd2 e3 20.Qd1 Be6 21.f4 Rfc8 22.Qd3 Qe7
23.Bh3 Qf6 24.a4 a5 25.Be1 c5 26.g4 fxg4 27.Nxg4 Bxg4 28.Bxg4 Qxd4 29.Qxd4 cxd4
30.Bxc8 Rxc8 31.Bxa5 Rc2 32.Bxb6 Nxb6 33.Rfd1 Rxe2 34.b3 Nd5 35.Rxd4 Nf6
36.f5 Rb2 37.Rb4 e2 38.Re1 Rd2 39.Rxb7 Ng4 40.Re7  1-0

[Event "BDO Premier"]
[Site "Haarlem NED"]
[Date "2011.08.20"]
[Round "1.1"]
[White "De Jager,J"]
[Black "Huschenbeth,N"]
[Result "1-0"]
[WhiteElo "2395"]
[BlackElo "2521"]

1.c4 e5 2.g3 Nf6 3.Bg2 c6 4.d4 exd4 5.Qxd4 Na6 6.Nf3 Bc5 7.Qe5+ Be7 8.O-O O-O
9.Nc3 d6 10.Qf4 Re8 11.b3 Nc5 12.Rd1 a5 13.Ba3 Qb6 14.Nd4 a4 15.b4 Ne6 16.Nxe6 Bxe6
17.b5 cxb5 18.Rab1 Bd7 19.Nxb5 Bxb5 20.Rxb5 Qa7 21.Rxb7 Qa6 22.e3 Rac8 23.Rb5 Rcd8
24.Bb7 Qa7 25.Bc6 Rf8 26.Rb7 Qa6 27.Qf3 Rc8 28.Bb5 Qa8 29.Kg2  1-0

[Event "Botvinnik 100th Open"]
[Site "St Petersburg RUS"]
[Date "2011.08.20"]
[Round "9"]
[White "Vunder,Y"]
[Black "Polyaninov,A"]
[Result "1-0"]
[WhiteElo "2212"]
[BlackElo "2365"]

1.c4 e5 2.g3 Nf6 3.Bg2 Nc6 4.Nc3 Bb4 5.Nd5 Bc5 6.e3 O-O 7.Ne2 d6 8.O-O Nxd5
9.cxd5 Ne7 10.d4 Bb6 11.e4 Bg4 12.f3 Bd7 13.Be3 c6 14.dxc6 Bxc6 15.Qb3 d5
16.dxe5 dxe4 17.Bxb6 axb6 18.fxe4 Ba4 19.Qb4 Qc7 20.Nc3 Qc5+ 21.Qxc5 bxc5
22.e6 fxe6 23.Bh3 Bd7 24.Rad1 Rxf1+ 25.Kxf1 Rf8+ 26.Ke2 Bc8 27.Na4 e5 28.Bxc8 Rxc8
29.Rd7 Nc6 30.Rxb7 Nd4+ 31.Ke3 c4 32.Nb6 Rc5 33.Nd5 Ra5 34.a3 h5 35.Re7 Rb5
36.Rxe5 Nc2+ 37.Kd2 Rxb2 38.Kc1 Ra2 39.Nc3 Ne1 40.Nxa2 Nd3+ 41.Kc2 Nxe5 42.a4 Kf7
43.a5 Ke6 44.a6 Nc6 45.Kc3 Ke5 46.Kxc4 Kxe4 47.Kc5 Na7 48.Nc3+  1-0

[Event "20th Kaerntner Chess Summer"]
[Site "Feffernitz AUT"]
[Date "2011.08.21"]
[Round "2"]
[White "Reichenbacher,G"]
[Black "Jeraj,Z"]
[Result "0-1"]
[WhiteElo "1846"]
[BlackElo "2109"]

1.c4 e5 2.g3 Nf6 3.Bg2 c6 4.Nf3 d6 5.Nc3 Be7 6.O-O O-O 7.b3 Bg4 8.h3 Bf5
9.Nh4 Be6 10.e4 d5 11.d3 Re8 12.Bb2 dxc4 13.dxc4 Nbd7 14.Nf5 Bc5 15.Qe2 g6
16.g4 Nb6 17.Rad1 Qc7 18.Nh6+ Kg7 19.Bc1 Rad8 20.Be3 Bb4 21.Rxd8 Rxd8 22.Nd1 Qd6
23.f4 Bc5 24.f5 Bc8 25.fxg6 fxg6 26.g5 Nh5 27.Nf7 Bxe3+ 28.Qxe3 Qe7 29.Nxd8 Qxd8
30.Nc3 Nf4 31.Ne2 Nxe2+ 32.Qxe2 Qxg5 33.Qf2 Qe7 34.Bf3 Bxh3 35.Bg2 Be6 36.Qg3 Nd7
37.Bh3 Bxh3 38.Qxh3 Nf6 39.Qf3 h5 40.Rd1 Ng4 41.Rd3 Qc5+ 42.Kg2 Qe7 43.Qd1 Nf6
44.Qf3 Qa3 45.Rd2 Qe7 46.Rd3 Kh7 47.Qd1 Kg7 48.Rf3  0-1

[Event "Brasschaat Open"]
[Site "Brasschaat BEL"]
[Date "2011.08.22"]
[Round "3.5"]
[White "Van den Brande,W"]
[Black "Geboers,J"]
[Result "1-0"]
[WhiteElo "2237"]
[BlackElo "1968"]

1.c4 e5 2.g3 f5 3.d4 exd4 4.Nf3 Nf6 5.Nxd4 d5 6.Bg2 c5 7.Nc2 d4 8.O-O Nc6
9.e3 Be6 10.exd4 Bxc4 11.Re1+ Be7 12.Ne3 Be6 13.d5 Nxd5 14.Nxd5  1-0

[Event "Trade Fair Open A"]
[Site "Brno CZE"]
[Date "2011.08.22"]
[Round "3"]
[White "Cvek,R"]
[Black "Kulovana,E"]
[Result "1-0"]
[WhiteElo "2506"]
[BlackElo "2330"]

1.c4 e5 2.g3 Nf6 3.Bg2 Nc6 4.Nc3 Bb4 5.Nd5 Bc5 6.Nf3 O-O 7.O-O Re8 8.d3 h6
9.e3 Bf8 10.b3 d6 11.Bb2 Nh7 12.Nd2 Ne7 13.e4 Ng6 14.d4 c6 15.Ne3 Ng5 16.d5 Nh3+
17.Kh1 Qg5 18.Qe2 c5 19.Nf3 Qh5 20.Ng1 Qxe2 21.Nxe2 Ng5 22.a3 h5 23.h4 Nh7
24.b4 b6 25.Nc3 Ne7 26.Rfb1 g6 27.bxc5 bxc5 28.Bc1 Rd8 29.Nc2 Bg7 30.Bd2 Ba6
31.Nb5 Rd7 32.Bh3 f5 33.f3 Rb8 34.a4 Rf8 35.a5 Nc8 36.Nca3 Rdf7 37.Rf1 Kh8
38.Kg2 Rd8 39.g4 f4 40.g5 Nf8 41.Rfb1 Re7 42.Ra2 Kg8 43.Rab2 Kf7 44.Be1 Ke8
45.Bf2 Rf7 46.Kf1 Bh8 47.Ke2 Bg7 48.Kd3 Bh8 49.Kc3 Bg7 50.Nc2 Bxb5 51.Rxb5 Rc7
52.Rb7 Rxb7 53.Rxb7 Nd7 54.Rc7 Ne7 55.Rxa7 Bf8 56.Rc7 Nb8 57.Na3 Bg7 58.Nb5 Bf8
59.Ra7 Kf7 60.Be6+ Kg7 61.a6 Kh8 62.Ra8  1-0

[Event "20th Kaerntner Chess Summer"]
[Site "Feffernitz AUT"]
[Date "2011.08.23"]
[Round "4"]
[White "Reichenbacher,G"]
[Black "Strobel,M"]
[Result "0-1"]
[WhiteElo "1846"]
[BlackElo "2088"]

1.c4 e5 2.g3 d6 3.Bg2 Nf6 4.Nc3 c6 5.e4 Be7 6.Nge2 a6 7.a4 a5 8.d4 Nbd7 9.O-O O-O
10.Rb1 Ne8 11.Be3 Nc7 12.f4 Na6 13.fxe5 dxe5 14.dxe5 Nxe5 15.b3 Bc5 16.Bxc5 Nxc5
17.Nf4 Bg4 18.Qc2 Qd4+ 19.Kh1 Rad8 20.Nce2 Qe3 21.Qc3 Qxc3 22.Nxc3 g5 23.Nfe2 Rd2
24.Rfe1 Ned3  0-1

[Event "Trade Fair Open A"]
[Site "Brno CZE"]
[Date "2011.08.24"]
[Round "5"]
[White "Wagner,Stef AUT"]
[Black "Sladek,Vl"]
[Result "1-0"]
[WhiteElo "2194"]
[BlackElo "2000"]

1.c4 e5 2.g3 Nf6 3.Bg2 Nc6 4.Nc3 Bb4 5.Nd5 O-O 6.Nxb4 Nxb4 7.a3 Nc6 8.d3 d5
9.cxd5 Nxd5 10.Nf3 Be6 11.O-O h6 12.Qc2 a5 13.b3 Qd7 14.Bb2 f6 15.e3 Rad8
16.Rfd1 Bh3 17.d4 Bxg2 18.Kxg2 exd4 19.Nxd4 Nxd4 20.Rxd4 Qe6 21.Rad1 Rd7
22.Qc4 b5 23.Qxb5 a4 24.Qxa4 Nb6 25.Qb5 Rfd8 26.Rxd7 Rxd7 27.Rxd7 Qe4+ 28.Kg1 Nxd7
29.Qc4+  1-0

[Event "BDO Premier"]
[Site "Haarlem NED"]
[Date "2011.08.24"]
[Round "5.2"]
[White "Bosboom,M"]
[Black "Huschenbeth,N"]
[Result "0-1"]
[WhiteElo "2399"]
[BlackElo "2521"]

1.c4 e5 2.g3 Nf6 3.Bg2 Nc6 4.d3 Bc5 5.Nc3 O-O 6.Nf3 d6 7.a3 a5 8.Bg5 h6 9.Bxf6 Qxf6
10.O-O Qd8 11.Rb1 Be6 12.Nd2 Qd7 13.Nd5 a4 14.e3 Rfb8 15.Qc2 Ne7 16.Nxe7+ Qxe7
17.Ne4 Bb6 18.Rbc1 Ba5 19.f4 Bb6 20.f5 Bxe3+ 21.Kh1 Bxc1 22.Qxc1 Bd7 23.f6 Qe6
24.fxg7 f5 25.Bh3 Qg6 26.Nc3 Kxg7 27.Nd5 Rf8 28.Nxc7 Bc6+ 29.Bg2 Bxg2+ 30.Kxg2 Rac8
31.Nd5 Rf7 32.Qc3 Kh7 33.Rf3 b5 34.Qb4 bxc4 35.dxc4 f4 36.Qxa4 Rcf8  0-1

[Event "20th Kaerntner Chess Summer"]
[Site "Feffernitz AUT"]
[Date "2011.08.25"]
[Round "6"]
[White "Reichenbacher,G"]
[Black "Kainz,J"]
[Result "1-0"]
[WhiteElo "1846"]
[BlackElo "1988"]

1.c4 e5 2.g3 h5 3.Bg2 h4 4.Nc3 Nc6 5.e3 d6 6.Nge2 Bg4 7.h3 Be6 8.Nd5 hxg3
9.Nxg3 Qd7 10.Qb3 O-O-O 11.d4 exd4 12.exd4 Bxd5 13.Bxd5 Rxh3 14.Bxc6 bxc6
15.Be3 Rxh1+ 16.Nxh1 Qg4 17.Kd2 f5 18.d5 c5 19.Kc2 Be7 20.f4 Qg2+ 21.Bf2 Bh4
22.Rg1 Qe4+ 23.Qd3 Bxf2 24.Qxe4 fxe4 25.Nxf2 e3 26.Ng4 Re8 27.Kd3 e2 28.Re1 Nh6
29.Nxh6 gxh6 30.Rxe2 Rxe2 31.Kxe2 Kd7 32.Kf3 c6 33.Kg4 cxd5 34.cxd5 c4 35.Kh5 Ke7
36.Kg6 h5 37.Kxh5 a5 38.a4 Kf6 39.Kg4 Kg6 40.f5+ Kg7 41.Kg5 Kf7 42.f6 Kf8
43.Kf5 Ke8 44.Ke4 Kf8 45.Kd4 Kf7 46.Kxc4 Kxf6 47.b4 axb4 48.Kxb4 Ke5  1-0

[Event "11th Metropolitan Invitational"]
[Site "Los Angeles USA"]
[Date "2011.08.25"]
[Round "4"]
[White "Amanov,Z"]
[Black "Khachiyan,M"]
[Result "1/2-1/2"]
[WhiteElo "2382"]
[BlackElo "2505"]

1.c4 e5 2.g3 Nf6 3.Bg2 d5 4.cxd5 Nxd5 5.Nc3 Nb6 6.Nf3 Nc6 7.O-O Be7 8.a3 O-O
9.b4 Be6 10.Rb1 f6 11.d3 Qd7 12.Ne4 Nd5 13.Bb2 a5 14.b5 Na7 15.a4 c5 16.Nfd2 b6
17.Nc4 Rad8 18.Nc3 Nc8 19.Nxd5 Bxd5 20.Bxd5+ Qxd5 21.Qc2 Rd7 22.Ne3 Qf7 23.f4 exf4
24.Rxf4 Bd6 25.Rf3 Ne7 26.Rbf1 Qe6 27.Qc4 Qxc4 28.Nxc4 Bc7 29.g4 Ng6 30.Re3 Rb8
31.Re4 h6 32.h3 Kf7 33.Rf3 Re8 34.Rxe8 Kxe8 35.Re3+ Kf7 36.Kf1 Rd5 37.Rf3 Nh4
38.Re3 Ng6 39.Rf3 Nh4 40.Re3 Ng6  1/2-1/2

[Event "Brasschaat Open"]
[Site "Brasschaat BEL"]
[Date "2011.08.26"]
[Round "7.3"]
[White "Van den Brande,W"]
[Black "Sadkowsky,D"]
[Result "1/2-1/2"]
[WhiteElo "2237"]
[BlackElo "2258"]

1.c4 e5 2.g3 c6 3.d4 e4 4.Nc3 d5 5.Bg2 h6 6.Nh3 Nf6 7.cxd5 cxd5 8.O-O Nc6
9.f3 exf3 10.exf3 Be7 11.Be3 O-O 12.Nf4 Re8 13.Re1 Bb4 14.Qb3 Be6 15.Bf2 Qb6
16.Nxe6 fxe6 17.a3 Bc5 18.Qxb6 Bxb6 19.Rad1 Rac8 20.Na4 Na5 21.Nxb6 axb6
22.Re2 Kf7 23.Be1 Rc6 24.Bh3 Nc4 25.Kf2 g5 26.Bb4 Nd6 27.Bxd6 Rxd6 28.Rc1 Rc6
29.Rxc6 bxc6 30.Rc2 Rc8 31.b4 Ne8 32.Re2 Nc7 33.a4 Ke7 34.f4 gxf4 35.gxf4 Kd6
36.Kf3 Ra8 37.Ra2 Nb5 38.Ke3 Nc3 39.Rg2 Rxa4 40.Rg6 Rxb4 41.Bxe6 Nb5 42.Bg4+ Kc7
43.Rg7+ Kd8  1/2-1/2

[Event "Trade Fair Open A"]
[Site "Brno CZE"]
[Date "2011.08.26"]
[Round "7"]
[White "Wagner,Stef AUT"]
[Black "Kuchynka,Lub"]
[Result "0-1"]
[WhiteElo "2194"]
[BlackElo "2014"]

1.c4 e5 2.g3 Nc6 3.Bg2 g6 4.Nc3 Nf6 5.e4 Bg7 6.Nge2 O-O 7.O-O d6 8.f4 Nd4
9.Nxd4 exd4 10.Ne2 d3 11.Nc3 Be6 12.b3 Ng4 13.f5 Bd4+ 14.Kh1 Nf2+ 15.Rxf2 Bxf2
16.Qf3 Bb6 17.fxe6 fxe6 18.Qxd3 Qg5 19.Bb2 Rf2 20.Rd1 Raf8 21.Na4 Rxg2 22.Rf1 Rxf1+
23.Qxf1 Rg1+  0-1

[Event "TCh-SUI 2011"]
[Site "Switzerland SUI"]
[Date "2011.08.27"]
[Round "6.7"]
[White "Fend,J"]
[Black "Gantner,M"]
[Result "0-1"]
[WhiteElo "2246"]
[BlackElo "2284"]

1.c4 e5 2.g3 Nf6 3.Bg2 Nc6 4.Nc3 Bb4 5.Nd5 O-O 6.Nxb4 Nxb4 7.Nf3 e4 8.Ng5 Re8
9.O-O d5 10.a3 Nc6 11.cxd5 Nd4 12.d3 Bg4 13.Re1 exd3 14.Qxd3 Nxe2+ 15.Kf1 h6
16.Nf3 Nxc1 17.Rxe8+ Qxe8 18.Rxc1 Rd8 19.Qb3 Qe4 20.h3 Bf5 21.Kg1 Qxd5 22.Qxd5 Nxd5
23.Nh4 Be6 24.Bxd5 Rxd5 25.Rxc7 Rd1+ 26.Kh2 Bd5 27.Ng2 Bc6 28.Re7 Rd2 29.Kg1 Rxb2
30.Re3 a5 31.g4 a4 32.Ne1 Kf8 33.Kf1 Rb3 34.Ke2 Rb2+ 35.Kf1 g5 36.Kg1 Rb3
37.Nc2 Rxe3 38.Nxe3 Ke7  0-1

[Event "TCh-SUI 2011"]
[Site "Switzerland SUI"]
[Date "2011.08.28"]
[Round "7.8"]
[White "Fend,J"]
[Black "Friedrich,N"]
[Result "0-1"]
[WhiteElo "2246"]
[BlackElo "2320"]

1.c4 e5 2.g3 Nf6 3.Bg2 d5 4.cxd5 Nxd5 5.Nc3 Nb6 6.Nf3 Nc6 7.O-O Be7 8.a3 O-O
9.b4 Be6 10.Rb1 f6 11.d3 Nd4 12.Nd2 c6 13.Nde4 Bf7 14.Nc5 Qc7 15.e3 Ne6 16.Nxe6 Bxe6
17.Qc2 Rfd8 18.Ne4 Bf7 19.Bb2 a5 20.b5 Rac8 21.bxc6 Qxc6 22.Qxc6 Rxc6 23.d4 Nc4
24.Bc3 exd4 25.Bxd4 Rc7 26.Rfd1 Bxa3 27.Nc3 Bb4 28.Nb5 Rcd7 29.Rdc1 Nd2 30.Rb2 Bc4
31.Rxd2 Bxb5 32.Rdc2 Ba3 33.Ra1 Bb4 34.Rac1 Kf7 35.Bh3 Re7 36.Bc5 Rc7 37.Bd4 Rxc2
38.Rxc2 Bc6 39.Bf1 Rd7 40.Bh3 Rd8 41.Bf1 Ke7 42.Bd3 h6 43.f4 a4 44.Kf2 a3
45.Ke2 Rxd4 46.exd4 Bd5  0-1

[Event "18th Graz Open"]
[Site "Graz AUT"]
[Date "2011.08.29"]
[Round "3"]
[White "Schreiner,Pe"]
[Black "Shengelia,D"]
[Result "0-1"]
[WhiteElo "2326"]
[BlackElo "2513"]

1.c4 e5 2.g3 d5 3.cxd5 Qxd5 4.Nf3 Nf6 5.Nc3 Qa5 6.Bg2 Nc6 7.O-O e4 8.Ne1 Bf5
9.Nc2 h5 10.Ne3 Bg6 11.b4 Bxb4 12.Rb1 h4 13.a3 Bxc3 14.dxc3 hxg3 15.fxg3 Rd8
16.Qe1 b6 17.h3 O-O 18.g4 Nd5 19.Nf5 Nxc3 20.Rb3 Na2 21.Bb2 Qxe1 22.Rxe1 Na5
23.Ne7+ Kh7 24.Rb5 a6 25.Rg5 Rfe8 26.Nxg6 fxg6 27.Be5 Rd5 28.Bf4 Rxg5 29.Bxg5 Nc4
30.Rd1 Ne5 31.Rd2 Nc3 32.Rc2 Nb5 33.Bxe4 Nf7 34.Bc6 Re6 35.Bxb5 axb5 36.Bf4 c5
37.Rb2 Re4 38.Bc7 b4 39.Bxb6 bxa3 40.Ra2 c4 41.Kf2 Re6 42.Ba5 Rf6+ 43.Ke3 Ng5
44.h4 Re6+ 45.Kd4 Re4+ 46.Kc5 Nf7 47.Rxa3 Rxe2 48.Bc3 Re3 49.Kxc4 Ne5+ 50.Kd4 Nxg4
51.Ra7 Rh3 52.Ba1 Nh6 53.Kd5 Nf5 54.Bf6 Kh6 55.Bg5+ Kh5 56.Ke4 Nxh4 57.Bc1 Nf5
58.Bb2 Kg4 59.Ra6 Re3+ 60.Kd5 g5 61.Bc1 Re1 62.Ra4+ Kh5 63.Bb2 g4 64.Be5 g3
65.Ra8 g2 66.Bh2 Rh1 67.Ke5 Rxh2 68.Kxf5 g6+ 69.Kf4 Rh4+  0-1

[Event "10th Sunny Beach Open"]
[Site "Sunny Beach BUL"]
[Date "2011.08.30"]
[Round "4.30"]
[White "Andreev,Sa"]
[Black "Horacek,M"]
[Result "1/2-1/2"]
[WhiteElo "2255"]
[BlackElo "2004"]

1.c4 e5 2.g3 d6 3.Bg2 f5 4.Nc3 Nf6 5.d3 Be7 6.Nf3 O-O 7.O-O Qe8 8.c5 Nc6
9.Nb5 Qd8 10.Qb3+ Kh8 11.cxd6 cxd6 12.Rd1 d5 13.d4 e4 14.Ne5 a6 15.Nxc6 bxc6
16.Nc3 Be6 17.Na4 Nd7 18.Qc3 Rc8 19.b4 g5 20.f4 g4 21.e3 Qc7 22.Bf1 Qa7 23.Bd2 h5
24.Be1 Kg7 25.Rab1 Kf7 26.Rdc1 Rh8 27.Qa3 h4 28.Nc5 Nxc5 29.bxc5 hxg3 30.hxg3 a5
31.Rc2 Rb8 32.Rcb2 Rxb2 33.Qxb2 Ra8 34.a4 Bd8 35.Qh2 Kg7 36.Qb2 Kf7 37.Qh2 Kg7  1/2-1/2

[Event "10th Sunny Beach Open"]
[Site "Sunny Beach BUL"]
[Date "2011.08.30"]
[Round "4.34"]
[White "Meyer,Fa"]
[Black "Novak,Mic"]
[Result "0-1"]
[WhiteElo "2300"]
[BlackElo "2125"]

1.c4 e5 2.g3 d6 3.Bg2 g6 4.Nc3 Bg7 5.d3 Nc6 6.e3 f5 7.Nge2 Nf6 8.Rb1 a5 9.O-O O-O
10.a3 Kh8 11.b4 axb4 12.axb4 Ne7 13.f4 c6 14.h3 Be6 15.Kh2 Qc7 16.b5 Nd7
17.Qb3 Nc5 18.Qc2 e4 19.dxe4 Bxc4 20.Rd1 Bxe2 21.Nxe2 Nxe4 22.Bxe4 fxe4 23.Qxe4 Ra2
24.Bd2 d5 25.Qd3 c5 26.Nc3 c4 27.Qe2 Rfa8 28.Kg1 R2a3 29.Rbc1 d4 30.exd4 Bxd4+
31.Be3 Bxe3+ 32.Qxe3 Nf5 33.Qf2 Qg7 34.Ne4 Ra1 35.Qc5 Rxc1 36.Rxc1 Qb2 37.Rd1 Qe2
38.Qe5+ Ng7 39.Rf1 Re8 40.Nc3 Rxe5 41.fxe5 Qe3+  0-1

[Event "TCh-SRB Premier Men"]
[Site "Valjevo SRB"]
[Date "2011.08.30"]
[Round "4.5"]
[White "Farkas,Ti"]
[Black "Barlov,D"]
[Result "1/2-1/2"]
[WhiteElo "2260"]
[BlackElo "2475"]

1.c4 e5 2.g3 c6 3.d4 d6 4.Nc3 Nf6 5.Bg2 Qa5 6.e3 Be6 7.d5 cxd5 8.cxd5 Bd7
9.a3 Be7 10.Ne2 O-O 11.O-O Rc8 12.h3 Bb5 13.Nxb5 Qxb5 14.Nc3 Qa5 15.Qb3 Nbd7
16.Bd2 Qa6 17.Rfd1 Nc5 18.Qa2 Qb6 19.b4 Ncd7 20.Bf1 a6 21.Rac1  1/2-1/2